00732nam a22002057a 450000500170000001000150001702000260003203500130005803700130007108200110008410000290009524500900012426000360021427000500025030000200030050000400032094200250036099900170038595201240040220130514115632.0 aENG-107100 a9789381090039c500.00 aEN-90633 bDBAD/PUB a883.08 aSindkhedkar, Sushilkumar10aAnita Desai and Arun Joshi :cby Sushilkumar Sindkhedkarba study in existentialism / aHaryanabShanti Prakashanc2012 a1780, Sector-1, Delhi By-passbRohtake124001 a227p.c22cm(Hb) aIncludes bibliographical references 2ddccENmSINh883.08 c75436d75436 001040718NFICaDBADbDBADd2013-05-10eDBAD/PUBg500.00l0o883.08 SINpEN-90633r2013-05-10 00:00:00t1v500.00yEN